01178nam a2200289 450000100030000000300040000300500170000700800410002402000180006504000080008304100130009108200170010410000270012124000190014824500780016726000370024530000110028252004470029365000250074065000100076565000200077565000100079565000180080565500120082365500160083570000370085113OSt20250528074009.0250120b |||||||j |||| 00| 1 eng d a9788581630625 bpor hengapor air820bA285p1 aAhern, Cecelia,d1981- aP.S I love you aP.S. Eu te amo /cAhern, Cecelia ; Tradução de Carolina Caires Coelho aSão PaulobNovo Conceitoc2012 a365 p. aGerry e Holly eram namorados de infância e ficariam juntos para sempre, até que o inimaginável acontece e Gerry morre, deixando-a devastada. Conforme seu aniversário de 30 anos se aproxima, Holly descobre um pacote de cartas nas quais Gerry, gentilmente, a guia em sua nova vida sem ele. Com ajuda de seus amigos e de sua família barulhenta e carinhosa, Holly consegue rir, chorar, cantar, dançar e ser mais corajosa do que nunca. 0aLiteratura Irlandesa 0aDrama 0aAmor e Paixão 0aFilme 0aSuperação 0aRomance 0aFicção  eTradutoraCarolina Caires Coelho